• 首页
  • 本馆介绍
  • 公告通知
  • 最新文献
  • 馆藏检索
  • 电子资源
  • 读者导购
  • 参考咨询
  • 我的图书馆
  • 登录
  • 详细信息显示
  • 放入我的书架
  • 预约/预借图书
  • 作者相关作品
  • 分类相关作品
  • 丛书相关作品
  • 出版社相关作品

书目信息

  • 表格格式
  • 工作单格式
  • 卡片格式
题名:
后汉书精华
    
 
作者: 范晔, 著 ;周学兵 译注
分册:  
出版信息: 沈阳   辽宁人民出版社  2018
页数: 329页
开本: 23cm
丛书名: 传世名著典藏丛书
单 册:
中图分类: K234.204.2
科图分类:
主题词: 中国历史--zhong guo li shi--纪传体--东汉时代
电子资源:
ISBN: 978-7-205-09269-6
000 01909nam 2200313 450
001 012001009292
005 20140101101836.0
010    @a978-7-205-09269-6@dCNY50.00
099    @aCAL 012018181384
100    @a20181123d2018 em y0chiy50 ea
101 0  @achi
102    @aCN@b210000
105    @aa z 000yy
106    @ar
200 1  @a后汉书精华@Ahou han shu jing hua@f(南朝宋) 范晔著@g周学兵译注
210    @a沈阳@c辽宁人民出版社@d2018
215    @a329页@c图@d23cm
225 2  @a传世名著典藏丛书@Achuan shi ming zhu dian cang cong shu@h第三辑@f主编蔡瑶
300    @a中华传统经典解读
330    @a《后汉书》是继《史记》《汉书》之后, 又一部私人撰写的优秀史籍, 与《史记》《汉书》《三国志》并称为“前四史”, 在我国史学界占有特殊的地位, 一直被视为后世著史的圭臬。与《汉书》一样.《后汉书》为整个东汉一朝的断代史, 记载了从王莽代汉至汉献帝末年, 共195年的历史。从体例上考察, 《后汉书》大部分沿袭《史记》《汉书》的现成体例, 但在成书过程中, 范晔根据东汉一代历史的具体特点, 则又有所创新, 有所增减。首先, 他在帝纪之后添置了皇后纪。其次《后汉书》新增加了《党锢传》《宦者传》《文苑传》《独行传》《方术传》《逸民传》《列女传》七个类传。《后汉书》虽然只有本纪、列传和志, 而没有表, 但由于范哗文笔较好, 善于剪裁, 叙事连贯而不重复, 在一定程度上弥补了无表的缺陷。另外, 因为记载东汉史实的其他史书多数已不存在, 所以, 《后汉书》的史料价值就更为珍贵。范晔对全书作了细致的整体规划, 对史实进行了认真的剪裁。书中所述史实规避得法, 彼此间既有照应, 又不重复烦冗, 表现出高超的史学技巧。
410  0 @12001 @a传世名著典藏丛书@h第三辑@f主编蔡瑶
604    @1701 0@150010@a范晔,@Afan ye@f398-445@a后汉书@x译文
604    @1701 0@150010@a范晔,@Afan ye@f398-445@a后汉书@x注释
606 0  @a中国历史@Azhong guo li shi@x纪传体@z东汉时代
690    @aK234.204.2@v5
701  0 @a范晔,@AFan Ye@f398-445@4著
702  0 @a周学兵@AZhou Xuebing@4译注
801  0 @aCN@b上海新华@c20191020
905    @b1187635-8@dK234.204.2@e97@f4
    
    后汉书精华/(南朝宋) 范晔著/周学兵译注.-沈阳:辽宁人民出版社,2018
    329页:图;23cm.-(传世名著典藏丛书.第三辑/主编蔡瑶)
    中华传统经典解读
    
    ISBN 978-7-205-09269-6:CNY50.00
    《后汉书》是继《史记》《汉书》之后, 又一部私人撰写的优秀史籍, 与《史记》《汉书》《三国志》并称为“前四史”, 在我国史学界占有特殊的地位, 一直被视为后世著史的圭臬。与《汉书》一样.《后汉书》为整个东汉一朝的断代史, 记载了从王莽代汉至汉献帝末年, 共195年的历史。从体例上考察, 《后汉书》大部分沿袭《史记》《汉书》的现成体例, 但在成书过程中, 范晔根据东汉一代历史的具体特点, 则又有所创新, 有所增减。首先, 他在帝纪之后添置了皇后纪。其次《后汉书》新增加了《党锢传》《宦者传》《文苑传》《独行传》《方术传》《逸民传》《列女传》七个类传。《后汉书》虽然只有本纪、列传和志, 而没有表, 但由于范哗文笔较好, 善于剪裁, 叙事连贯而不重复, 在一定程度上弥补了无表的缺陷。另外, 因为记载东汉史实的其他史书多数已不存在, 所以, 《后汉书》的史料价值就更为珍贵。范晔对全书作了细致的整体规划, 对史实进行了认真的剪裁。书中所述史实规避得法, 彼此间既有照应, 又不重复烦冗, 表现出高超的史学技巧。
●
相关链接 在E读中查询图书 在五车中查询图书 在当当中查询图书 在豆瓣中查询图书


正题名:后汉书精华     索取号:K234.204.2/97         预约/预借

序号 登录号 条形码 馆藏地/架位号 状态 备注
1 1187635   211876353   第二样本阅览室/ [索取号:K234.204.2/97] 在馆    
2 1187636   211876362   第二借阅区/ [索取号:K234.204.2/97] 在馆    
3 1187637   211876371   第二借阅区/ [索取号:K234.204.2/97] 在馆    
4 1187638   211876380   第二借阅区/ [索取号:K234.204.2/97] 在馆    
唐山师范学院图书馆 欢迎您!
大连网信软件有限公司© 版权所有